Online
Catalog

Rigoberta Menchú : (Record no. 58604)

MARC details
000 -CABECERA
campo de control de longitud fija 02610nam a2200409 i 4500
003 - IDENTIFICADOR DEL NÚMERO DE CONTROL
campo de control DO-SdBNP
005 - FECHA Y HORA DE LA ÚLTIMA TRANSACCIÓN
campo de control 20250610105226.0
007 - CAMPO FIJO DE DESCRIPCIÓN FÍSICA--INFORMACIÓN GENERAL
campo de control de longitud fija ta
008 - DATOS DE LONGITUD FIJA--INFORMACIÓN GENERAL
campo de control de longitud fija 250528b2024 pr ||||| |||| 00| 0 spa d
020 ## - NÚMERO INTERNACIONAL ESTÁNDAR DEL LIBRO
Número Internacional Estándar del Libro 9789945637601
040 ## - FUENTE DE LA CATALOGACIÓN
Centro catalogador/agencia de origen DO-SdBNP
Lengua de catalogación spa
Centro/agencia transcriptor BNPHU
Normas de descripción rda
041 ## - CÓDIGO DE LENGUA
Código de lengua del texto/banda sonora o título independiente spa
082 #4 - NÚMERO DE LA CLASIFICACIÓN DECIMAL DEWEY
Número de clasificación 972.81
Número de documento/Ítem R696t
Número de edición 22
100 1# - ENTRADA PRINCIPAL--NOMBRE DE PERSONA
Nombre de persona Rodríguez Fernández, Velia
Término indicativo de función/relación autora
Código de función/relación aut.
9 (RLIN) 87329
245 0# - MENCIÓN DE TÍTULO
Título Rigoberta Menchú :
Resto del título testimonio y cuestionamiento de la voz subalterna /
Mención de responsabilidad, etc. Velia Rodríguez Fernández ; prólogo, José Calderón.
264 #4 - PRODUCCIÓN, PUBLICACIÓN, DISTRIBUCIÓN, FABRICACIÓN Y COPYRIGHT
Producción, publicación, distribución, fabricación y copyright San Juan, Puerto Rico :
Nombre del de productor, editor, distribuidor, fabricante Editorial Isla Negra,
Fecha de producción, publicación, distribución, fabricación o copyright ©2024.
300 ## - DESCRIPCIÓN FÍSICA
Extensión 165 páginas ;
Dimensiones 23 cm.
336 ## - TIPO DE CONTENIDO
Término de tipo de contenido texto
Código de tipo de contenido txt
Fuente rdacontent
337 ## - TIPO DE MEDIO
Nombre/término del tipo de medio sin mediación
Código del tipo de medio n
Fuente rdamedia
338 ## - TIPO DE SOPORTE
Nombre/término del tipo de soporte volumen
Código del tipo de soporte nc
Fuente rdacarrier
490 ## - MENCIÓN DE SERIE
Mención de serie Colección visiones y cegueras
500 ## - NOTA GENERAL
Nota general Incluye datos biográficos de la autora en la solapa de la portada.
504 ## - NOTA DE BIBLIOGRAFÍA, ETC.
Nota de bibliografía, etc. Bibliografía: páginas 161-165.
505 ## - NOTA DE CONTENIDO CON FORMATO
Nota de contenido con formato Testimonio: definiciones y retos -- Subalternidad y las voces de la historia -- Testimonio y la posibilidad del habla subalterna -- Me llamo Rigoberta Menchú y así me nació la conciencia: narrativa canónica del género testimonial -- El orden del discurso y otras estrategias -- La marca de la colonia --Rigoberta Menchú y la historia de todos los pobres de Guatemala -- La lucha por el derecho a hablar -- Reflexiones finales.
520 ## - SUMARIO, ETC.
Sumario, etc. En este libro, Velia Rodríguez reconstruye el itinerario histórico de uno de los libros más emblemáticos y controversiales de la literatura testimonial en América Latina. La autora repara en la complejidad que supone entrecruzar la etnografía con el periodismo cuando Elizabeth Burgos-Debray interpela –o interpreta– a Rigoberta Menchú, y cuestiona los modos en que se publica el producto final, a medio camino entre la historia personal y la ficción. Un viaje delirante a las entrañas de la memoria, la ambición y la ambigüedad.<br/>–Pedro Reina Pérez
590 ## - NOTA LOCAL (RLIN)
Nota local Inventariado, 2025/ YL
600 #4 - PUNTO DE ACCESO ADICIONAL DE MATERIA--NOMBRE DE PERSONA
Nombre de persona Menchú, Rigoberta,
Fechas asociadas al nombre 1959-
9 (RLIN) 41837
Subdivisión general Critica e interpretación
650 #4 - PUNTO DE ACCESO ADICIONAL DE MATERIA--TÉRMINO DE MATERIA
Término de materia o nombre geográfico como elemento de entrada Indígenas quiché
9 (RLIN) 88029
Subdivisión cronológica Guatemala
650 #0 - PUNTO DE ACCESO ADICIONAL DE MATERIA--TÉRMINO DE MATERIA
Término de materia o nombre geográfico como elemento de entrada Mujeres
9 (RLIN) 13968
Subdivisión general Indígenas
Subdivisión geográfica Guatemala
650 #0 - PUNTO DE ACCESO ADICIONAL DE MATERIA--TÉRMINO DE MATERIA
Término de materia o nombre geográfico como elemento de entrada Mujeres revolucionarias
9 (RLIN) 88031
Subdivisión general Biografías
Subdivisión geográfica Guatemala
650 #4 - PUNTO DE ACCESO ADICIONAL DE MATERIA--TÉRMINO DE MATERIA
Término de materia o nombre geográfico como elemento de entrada Literatura de reportaje guatemalteca
9 (RLIN) 88028
Subdivisión general Crítica e interpretaciones
651 #4 - PUNTO DE ACCESO ADICIONAL DE MATERIA--NOMBRE GEOGRÁFICO
Nombre geográfico Guatemala
Subdivisión general Indígenas
-- Biografía
9 (RLIN) 63185
651 #4 - PUNTO DE ACCESO ADICIONAL DE MATERIA--NOMBRE GEOGRÁFICO
Nombre geográfico Guatemala
Subdivisión general Vida social y costumbres
9 (RLIN) 88030
700 1# - PUNTO DE ACCESO ADICIONAL--NOMBRE DE PERSONA
Nombre de persona Calderón, José,
Término indicativo de función/relación prologuista
Código de función/relación prol.
9 (RLIN) 38262
910 ## - DATOS DE OPCIÓN DEL USUARIO (OCLC)
Datos de opción del usuario YLockward. Validado. Control de Calidad/MAA
942 ## - ELEMENTOS DE PUNTO DE ACCESO ADICIONAL (KOHA)
Fuente del sistema de clasificación o colocación Dewey Decimal Classification
Tipo de ítem Koha Libro
Holdings
Estado de retiro Estado de pérdida Fuente del sistema de clasificación o colocación Restricciones de uso No para préstamo Código de colección Localización permanente Ubicación/localización actual Ubicación en estantería Fecha de adquisición Fuente de adquisición Total de préstamos Signatura topográfica completa Código de barras Fecha visto por última vez Precio válido a partir de Tipo de ítem Koha Número de copia
    Dewey Decimal Classification Excluido de préstamo   Patrimonio Dominicano Biblioteca Nacional Pedro Henríquez Ureña Biblioteca Nacional Pedro Henríquez Ureña Depósito 05.02.2025 Depósito Legal   BNPHU PD 972.81 R696t 2025-2583 03.04.2025 03.04.2025 Libro  
    Dewey Decimal Classification Excluido de préstamo   Patrimonio Dominicano Biblioteca Nacional Pedro Henríquez Ureña Biblioteca Nacional Pedro Henríquez Ureña Depósito 05.02.2025 Depósito Legal   BNPHU PD 972.81 R696t 2025-2584 03.04.2025 03.04.2025 Libro e. 2
    Dewey Decimal Classification Préstamo en sala   Dominicana de Servicio Biblioteca Nacional Pedro Henríquez Ureña Biblioteca Nacional Pedro Henríquez Ureña Depósito 05.02.2025 Depósito Legal   BNPHU DS 972.81 R696t 2025-2585 03.04.2025 03.04.2025 Libro e.3

Powered by Koha